| 000 | 01785pam a2200289 a 4500 | ||
|---|---|---|---|
| 001 | 2125275 | ||
| 003 | OSt | ||
| 005 | 20220606140410.0 | ||
| 008 | 970529s1998 nyuab b 001 0 eng | ||
| 010 | _a 97024769 | ||
| 020 | _a032101457X | ||
| 040 |
_aDLC _cLC _dDLC |
||
| 050 | 0 | 0 |
_aGN740.F3 _b1998 |
| 082 | 0 | 0 |
_a930 _221 |
| 100 | 1 | _aFagan, Brian M. | |
| 245 | 1 | 0 |
_aPeople of the earth : _ban introduction to world prehistory / _cBrian M. Fagan. |
| 250 | _a9th ed. | ||
| 260 |
_aNew York : _bLongman, _cc1998. |
||
| 300 |
_axxiv, 629 p. : _bill. (some col.), col. maps ; _c26 cm. |
||
| 504 | _aIncludes bibliographical references (p. 589-607) and index. | ||
| 505 | _aContent: Introducing world prehistory -- Human origins; the emergence of early human ancestors -- Homo erectus and homo and homo sapiens sapiens(1.9millioms to 40,000 years ago -- Europeans and the northern Asians -- Intensification and complexity -- The first Americans -- Africans and the Australians -- A plenteous harvest; the origins -- The origins of food production in Southwest Asia -- Early European farmers -- Early farmers of Africa and the Nile -- Asia; Rice roots and ocean voyagers -- The story of maize; early farming societies in the Americas -- The development of civilizations -- Ancient Egypt, Nubia, and sub-Saharan Africa -- Early states in South and Southeast Asia -- Shang civilization in East Asia -- Anatolia, Greece, and Italy -- Temperate Europe before the Romans -- Mesoamerican and civilization -- Andean states -- | ||
| 650 | 0 | _aPrehistoric peoples. | |
| 650 | 0 | _aCivilization, Ancient. | |
| 906 |
_a7 _bcbc _corignew _d1 _eocip _f19 _gy-gencatlg |
||
| 942 |
_2lcc _cBK |
||
| 999 |
_c8993 _d16493 |
||